000 00654nam a2200193Ia 4500
003 GCL
008 140319s9999 xx 000 0 ara d
040 _aGCL /
_cGCL
082 0 4 _a331.1
_bخ س
100 1 _aخديجة محمد الاعسر
245 1 0 _aسوق العمالة الزراعية فى مصر خلال فترة السبعينات: دراسة تحليلية /
_cخديجة محمد الاعسر
260 _a[S.N] :
_bالهيئة المصرية العامة للكتاب ،
_c1990
300 _a235 ص
490 _a
650 0 4 _aمصر
650 0 4 _aالزراعة
650 0 4 _aالعمال الزراعيون
942 _2ddc
_cBK
999 _c27924
_d27924